LEADER 00964nam a2200217 i 4500 001 000000161949 003 CaOOAMICUS 005 20231030104553.0 008 070604s1941 it u000 u ita u 040 $aSeMil$bita 100 1 $aMalagoli, Luigi.$0(OLS)http://semarc/name/36771 245 13$aIl Machiavelli e la civiltà del Rinascimento /$cLuigi Malagoli. 264 1$a[S.l.] :$bIstituto per gli studi di politica internazionale,$cstampa 1941. 300 $a219 p. ;$c20 cm. 600 14$aMachiavelli, Niccolò <1469-1527>.$0(OLS)http://semarc/subject/1228 650 4$aRinascimento.$0(OLS)http://semarc/subject/1225 850 $aSeMil 852 $aSeMil$W1$xVenegono$y1$m3U I 420$j244005$B113326$CSeMilBibl$Z2$F123959 $81 996 $6245$aIl Machiavelli e la civiltà del Rinascimento$9(OLS)http://semarc/title/145368 996 $6264$a[S.l.] :$bIstituto per gli studi di politica internazionale$9(OLS)http://semarc/publisher/36679 LEADER 00837nam a2200205 i 4500 001 000000215599 003 CaOOAMICUS 005 20120829000000.0 008 120829s1953 it u000 u ita u 013 $a194472 040 $aSeMil$bita 100 1 $aBeretta, Rinaldo.$0(OLS)http://semarc/name/18422 245 10$aCornate d'Adda :$bnote di storia /$cRinaldo Beretta. 260 $aCarate Brianza :$bTip. Giovanni Moscatelli e Figli,$c1953. 300 $a65 p. :$bill. ;$c25 cm. 650 4$aCornate d'Adda.$0(OLS)http://semarc/subject/11541 850 $aSeMil 852 $aSeMil$W1$xVenegono$y1$m3P III 136$j166019$B166019$CSeMilBibl$Z2$F176971 $81 996 $6245$aCornate d'Adda :$bnote di storia$9(OLS)http://semarc/title/310324 996 $6260$aCarate Brianza :$bTip. Giovanni Moscatelli e Figli$9(OLS)http://semarc/publisher/34943